Eğitimin üç şartı (Record no. 10642)

MARC details
000 -BAŞLIK
Sabit Uzunlukta Kontrol Alanı 01111na a2200313 4500
001 - KONTROL NUMARASI
Denetim Alanı 24081
003 - KONTROL NUMARASI IDENTIFIER
Denetim Alanı MIRAKIL
005 - SON İŞLEM TARİHİ VE ZAMANI
Denetim Alanı 20181213155329.0
008 - SABİT-BOY VERİ ELEMANLARI - GENEL BİLGİLER
Sabit Uzunlukta Kontrol Alanı 180321b tu 000 0
040 ## - KATALOGLAMA KAYNAK
Orijinal Kataloglama Ajansı Milas
Kataloglama Dili tur
Metne Dönüştürmek Ajansı TR-AnCHP
041 ## - DİL KODU
Metin / Ses Parça Veya Ayrı Başlığın Dil Kodu tur
082 ## - DEWEY ONLU SINIFLANDIRMA NUMARASI
Sınıflandırma Numarası CHP 370.561
Ürün Numarası E35 2018
090 ## - SINIFLAMA NUMARASI
Sınıflama Numarası CHP 370.561 E35 2018
111 ## - ANA GİRİŞ - TOPLANTI ADI
Giriş Elemanı Olarak Toplantı Adı Veya Yargı Alanı Adı Eğitimin üç şartı: Bilimsellik, laiklik, adalet
Toplantının Yeri Ankara
Toplantı Veya Antlaşma İmzalandığı Tarihi 7 Eylül 2017
245 ## - BAŞLIK TABLOSU
Başlık Eğitimin üç şartı
Başlığın Kalan Bilimsellik, laiklik, adalet
Sorumluluk Tablosu, Vb hazırlayan: Gaye Usluer ; editörler: Gaye Usluer, Sibel Özdemir
246 ## - UNVAN FORM VARYING
Başlık Doğru / Kısa Başlığı Bilimsellik, laiklik, adalet
260 ## - YAYIN, DAĞITIM, VB
Yayın, Dağıtım, Vb Yeri Ankara
Yayıncı, Dağıtıcı, Vs Adı CHP
Yayın, Dağıtım, Vb Tarihi 2018
Üretici Firma Beyda Ofset
300 ## - FİZİKSEL TANIM
Kapsam 85 s.
Diğer Fiziksel Ayrıntıları res.
Boyutlar 24 sm.
610 ## - KONU KATMA GİRİŞ - TOPLANTI ADI
Giriş Elemanı Olarak Kurumsal Ad Veya Yargı Alanı Adı CHP
Genel Alt Bölüm Eğitim politikaları
610 ## - KONU KATMA GİRİŞ - TOPLANTI ADI
Giriş Elemanı Olarak Kurumsal Ad Veya Yargı Alanı Adı CHP
Genel Alt Bölüm Toplantılar, 2017
-- Eğitim
650 ## - KONU KATMA GİRİŞ - TOPİKAL DÖNEM
Topikal Süreli Veya Coğrafi Ad Giriş Elemanı Adalet, Eğitimde
Genel Alt Bölümü Türkiye
650 ## - KONU KATMA GİRİŞ - TOPİKAL DÖNEM
Topikal Süreli Veya Coğrafi Ad Giriş Elemanı Bilimsellik, Eğitimde
Genel Alt Bölümü Türkiye
650 ## - KONU KATMA GİRİŞ - TOPİKAL DÖNEM
Topikal Süreli Veya Coğrafi Ad Giriş Elemanı Laiklik, Eğitimde
Genel Alt Bölümü Türkiye
650 ## - KONU KATMA GİRİŞ - TOPİKAL DÖNEM
Topikal Süreli Veya Coğrafi Ad Giriş Elemanı Eğitim sistemi
Genel Alt Bölümü Sorunlar ve çözüm önerileri
Coğrafi Alt Bölümü Türkiye
700 ## - KATMA GİRİŞ - KİŞİSEL İSİM
Kişisel Ad Özdemir, Sibel
Relator Terim ed.
700 ## - KATMA GİRİŞ - KİŞİSEL İSİM
Kişisel Ad Usluer, Gaye
Relator Terim haz.
740 ## - KATMA GİRİŞ - KONTROLSUZ İLGİLİ / ANALİTİK BAŞLIK
Kontrol Edilmeyen / İlgili Analitik Başlıktaki Bilimsellik, laiklik, adalet
942 ## - EKLENDİ GİRİŞ ELEMANLARI (KOHA)
Sınıflandırma Veya Raf Düzeni Kaynak Dewey Decimal Classification
Koha Öğesi Türü Books
999 ## - SİSTEM KONTROL NUMARALARI (KOHA)
Koha Biblionumber 10642
Koha Biblioitemnumber 10642
Holdings
Kalıcı Konum Mevcut Konum Edinme Tarihi Edinim Kaynak Toplam Check-Out'Lar Tam Çağrı Numarası Barkod Tarih Son Görülme Kopya Sayısı İtibaren Geçerli Fiyatlar Koha Öğesi Türü
CHP Kütüphanesi CHP Kütüphanesi 03/21/2018 Bağış   CHP 370.561 E35 2018 018111 03/21/2018 k.3 03/21/2018 Books
CHP Kütüphanesi CHP Kütüphanesi 03/21/2018 Bağış   CHP 370.561 E35 2018 018112 03/21/2018 k.4 03/21/2018 Books